| 000 | 01042nam a2200313 i 4500 | ||
|---|---|---|---|
| 001 | bg | ||
| 100 | 1 | _aBUGŁACKI, Henryk | |
| 245 | 1 | 0 |
_aAnaliza właściwości mechanicznych i spawalności stali wysokiej wytrzymałości na konstrukcje oceanotechniczne i okrętowe / _cHenryk Bugłacki. |
| 260 |
_aGdańsk : _bPG, _c2001. |
||
| 300 |
_a163 s. : _bil. ; _c24 cm. |
||
| 490 | 1 |
_aMonografie / Politechnika Gdańska ; _v23 |
|
| 500 | _aStreszcz. ang. | ||
| 504 | _aBibliogr. | ||
| 650 | 9 |
_aBlacha _xmechanika _xbadanie |
|
| 650 | 9 |
_aStal _xmechanika _xbadanie |
|
| 650 | 9 |
_aPołączenia konstrukcyjne _xmechanika |
|
| 650 | 9 | _aSpawanie | |
| 650 | 9 | _aWytrzymałość materiałów | |
| 650 | 9 |
_aBudownictwo okrętowe _xbadanie |
|
| 650 | 9 |
_aStatki _xmechanika _xbadanie |
|
| 830 | 0 |
_aMonografie (Politechnika Gdańska) ; _v23 |
|
| 020 | _a8388007866 | ||
| 040 | _cBPK | ||
| 041 | 0 |
_apl _ben |
|
| 080 | _a621.95:621.98:621.791/.795:669.1:539.4 | ||
| 920 | _a83-88007-86-6 | ||
| 942 | _cKS | ||
| 008 | s pl f |000 0 pol | ||
| 999 |
_c40654 _d40654 |
||
| 856 |
_uhttp://koha.tu.koszalin.pl/cgi-bin/koha/opac-detail.pl?biblionumber=40654 _yKatalog online BPK |
||